000 00434nam a2200157Ia 4500
008 140429s9999 xx 000 0 und d
050 _aMT 582
_b.Ea13 v.4
245 _aEasy Guitar :
_billustrated guitar book for begginers /
260 _aMakaty City :
_bSound Pub. Corp.,
300 _a300 p. :
_bill. ;
_c22 cm.
440 _vvol. 4
521 _aGE
650 _aGuitar
_xChord diagrams.
942 _kLOC
_cBK
999 _c115589
_d115589